Countries By Sport - Statistics

General Stats
  • This quiz has been taken 39 times
  • The average score is 39 of 50
Answer Stats
Answer % Correct
Spain
100%
Brazil
97%
Brazil
97%
Canada
94%
Canada
94%
Canada
94%
Canada
94%
Canada
94%
Canada
94%
India
94%
United States
94%
United States
94%
United States
94%
United States
94%
United States
94%
United States
94%
Mexico
92%
Mexico
92%
United Kingdom
92%
United Kingdom
92%
United Kingdom
92%
United Kingdom
92%
United Kingdom
92%
France
89%
Australia
86%
Australia
86%
Australia
86%
Australia
86%
Germany
86%
Japan
86%
Russia
86%
Pakistan
78%
Sweden
78%
Italy
72%
Finland
67%
Ireland
67%
New Zealand
67%
Switzerland
64%
Poland
61%
South Africa
61%
South Africa
61%
Cuba
58%
Czechia
44%
Bangladesh
36%
Dominican Republic
36%
Philippines
33%
Sri Lanka
31%
Iraq
28%
Iraq
28%
Latvia
25%
No matching quizzes found
Score Distribution
Percent of People with Each Score
Percentile by Number Answered
Your Score History
You have not taken this quiz